| 000 | 00346nam a22001577a 4500 | ||
|---|---|---|---|
| 003 | SGT | ||
| 020 | _a978-81-317-0481-3 | ||
| 082 |
_a615.19 _bO14M |
||
| 100 | _aMORRISON, ROBERT.H BOYD, R.N | ||
| 245 | _aORGANIC CHEMISTRY | ||
| 250 | _a7TH | ||
| 260 |
_aDELHI _bPEARSON _c2014 |
||
| 300 | _a1475.00 | ||
| 650 | _aCHEMISTRY | ||
| 942 |
_2ddc _cBK _014 |
||
| 999 |
_c8769 _d8769 |
||